Statistics for Asia Car (Vehicle) Registration Country Codes

Click here to take the quiz!

General Stats

  • This quiz has been taken 38 times
    (34 since last reset)
  • The average score is 37 of 48

Answer Stats

CodeCountry% Correct
AFGAfghanistan
96%
INDIndia
96%
OMOman
96%
NEPNepal
96%
BHTBhutan
96%
QQatar
92%
IRQIraq
92%
IRIran
92%
LAOLaos
92%
BURBurma
92%
AZAzerbaijan
88%
KWTKuwait
88%
CYCyprus
88%
UZUzbekistan
88%
BRUBrunei
88%
MALMalaysia
88%
UAEUnited Arab Emirates
88%
SYRSyria
88%
SGPSingapore
84%
MGLMongolia
84%
AMArmenia
84%
BDBangladesh
84%
PKPakistan
84%
JJapan
84%
VNVietnam
84%
CNChina
80%
GEGeorgia
80%
TJTajikistan
80%
TThailand
76%
TMTurkmenistan
76%
YARYemen
76%
BRNBahrain
76%
ILIsrael
72%
ROKSouth Korea
72%
MVMaldives
72%
KZKazakhstan
72%
TRTurkey
68%
KPNorth Korea
60%
TLEast Timor
60%
KSASaudi Arabia
60%
RIIndonesia
60%
RCTaiwan - Republic of China
56%
RPPhilippines
56%
HKJJordan
56%
RLLebanon
52%
KSKyrgyzstan
48%
KCambodia
48%
CLSri Lanka
44%

Score Distribution

Percentile by Number Answered

Percent of People with Each Score

Your Score History

You have not taken this quiz since the last reset